| 000 | 00614nam a22002297a 4500 | ||
|---|---|---|---|
| 999 |
_c173085 _d173085 |
||
| 003 | dpl | ||
| 005 | 20200218124733.0 | ||
| 008 | 200218b ||||| |||| 00| 0 eng d | ||
| 010 | _aB-099107 | ||
| 020 |
_a8187649755 _c150.0 |
||
| 035 | _a099107 | ||
| 040 |
_aDPL _bEN _c0 |
||
| 050 |
_aS _bMUT |
||
| 082 |
_aS _bMUT |
||
| 100 | _aMuthuswamy Na | ||
| 245 |
_aWaterness _cNa Muthuwamy _hEN |
||
| 246 | _hEN | ||
| 260 |
_aNew Delhi _bkatha _c2003 |
||
| 270 |
_akatha, A3 Sarvodaya Enclave aurobindo marg new delhi _bNew Delhi _dIndia _e110017 |
||
| 300 |
_a165.00 _c13 cm |
||
| 942 |
_2ddc _cEN _hS _iMUT _kS _mMUT |
||